American and British English: principal differences; Лингвистические и культурологические традиции и инновации

Bibliografiske detaljer
Parent link:Лингвистические и культурологические традиции и инновации.— 2016.— [С. 27-28]
Hovedforfatter: Ashikhmin A. E.
Institution som forfatter: Национальный исследовательский Томский политехнический университет
Andre forfattere: Matukhin D. L. Dmitriy Leonidovich
Summary:Заглавие с титульного экрана
Sprog:engelsk
Udgivet: 2016
Serier:Актуальные направления исследований и подходы в современной лингвистике
Fag:
Online adgang:http://earchive.tpu.ru/handle/11683/37751
Format: MixedMaterials Electronisk Book Chapter
KOHA link:https://koha.lib.tpu.ru/cgi-bin/koha/opac-detail.pl?biblionumber=622389

MARC

LEADER 00000naa2a2200000 4500
001 622389
005 20250516164116.0
035 |a (RuTPU)RU\TPU\conf\21114 
035 |a RU\TPU\conf\21113 
090 |a 622389 
100 |a 20170328d2016 k y0rusy50 ba 
101 0 |a eng 
102 |a RU 
105 |a y z 101zy 
135 |a drgn ---uucaa 
181 0 |a i  
182 0 |a b 
200 1 |a American and British English: principal differences  |f A. E. Ashikhmin, D. L. Matukhin 
203 |a Текст  |c электронный 
225 1 |a Актуальные направления исследований и подходы в современной лингвистике 
300 |a Заглавие с титульного экрана 
320 |a [Библиогр.: с. 28 (3 назв.)] 
463 0 |0 (RuTPU)RU\TPU\conf\21107  |t Лингвистические и культурологические традиции и инновации  |o тезисы докладов XVI Международной научно-практической конференции, Томск, 11-13 октября 2016 г.  |f Национальный исследовательский Томский политехнический университет (ТПУ) ; под ред. Ю. В. Кобенко ; К. А. Гирфановой  |v [С. 27-28]  |d 2016 
610 1 |a труды учёных ТПУ 
610 1 |a электронный ресурс 
610 1 |a американский язык 
610 1 |a британский язык 
610 1 |a английский язык 
610 1 |a фонетика 
610 1 |a лексика 
700 1 |a Ashikhmin  |b A. E. 
701 1 |a Matukhin  |b D. L.  |c linguist  |c Associate Professor of Tomsk Polytechnic University, Candidate of pedagogical sciences  |f 1981-  |g Dmitriy Leonidovich  |3 (RuTPU)RU\TPU\pers\34140 
712 0 2 |a Национальный исследовательский Томский политехнический университет  |c (2009- )  |9 26305 
801 2 |a RU  |b 63413507  |c 20170406  |g RCR 
850 |a 63413507 
856 4 |u http://earchive.tpu.ru/handle/11683/37751 
942 |c BK